Ejercicio de la abogacía en espacios de integración económica.

Salvato in:
Dettagli Bibliografici
Autore principale: Irarrázabal Covarrubias, Jaime (autor)
Altri autori: Salinas Burgos, Hernán
Natura: Libro
Lingua:spagnolo
Pubblicazione: Santiago, Chile Colegio de Abogados 1998
Soggetti:
Tags: Aggiungi Tag
Nessun Tag, puoi essere il primo ad aggiungerne!!

MARC

LEADER 00000nam a2200000 a 4500
001 UCO9934
003 CL-VaPUC
005 20250509131240.0
008 010316e19980000cl 1 spa d
999 |c 383647  |d 383645 
040 |c Pontificia Universidad Católica de Valparaíso 
082 0 4 |a 340.023 IRA 1998  |2 21 
100 |a Irarrázabal Covarrubias, Jaime  |e autor  |9 619896 
245 1 0 |a Ejercicio de la abogacía en espacios de integración económica. 
246 1 0 |a Integración jurídica y armonización legislativa en el Mercosur. 
260 0 3 |a Santiago, Chile  |b Colegio de Abogados  |c 1998 
300 |a 28 páginas. 
518 |p Congreso Internacional de la U.I.B.A., 13, Pucón, 26 al 30 de septiembre de 1998 
546 |a En Español 
583 |a last modification  |c 20121001 12:02:53  |k Rodrigo Vera 
650 0 0 |a Abogados  |9 256284 
650 0 0 |a Integración económica  |9 255024 
650 0 7 |a MERCOSUR  |2 CL-VaPUC  |9 334167 
700 |a Salinas Burgos, Hernán  |9 619897 
942 |c BK  |2 ddc 
945 |a vberengu  |d 20010316 00:00:00 
952 |0 0  |1 0  |2 ddc  |4 0  |6 340_023000000000000_IRA_1998  |7 0  |8 A  |9 505842  |a BIBDER  |b BIBDER  |d 2020-01-23  |i 3507327  |o 340.023 IRA 1998  |p 3507327  |r 2023-01-25  |t 1  |w 2020-01-23  |y MX  |k DER 
952 |0 0  |1 0  |2 ddc  |4 0  |6 340_023000000000000_IRA_1998  |7 0  |8 A  |9 505843  |a BIBDER  |b BIBDER  |d 2020-01-23  |i 3507335  |o 340.023 IRA 1998  |p 3507335  |r 2023-01-25  |t 2  |w 2020-01-23  |y MX  |k DER